Potenciál aj pre Slovákov

Potenciál Poľska pre slovenských podnikateľov. Poľsko momentálne ako najatraktívnejší investičný región v strednej a východnej Európe. Podmienky presadenia sa na poľskom trhu. Rozmach a príležitosti. Možné riziká podnikania v Poľsku.

Uložené v:
Podrobná bibliografia
Hlavný autor: Karolyi, Dušan
Médium: Kapitola
Jazyk:Slovak
Predmet:
Tagy: Pridať tag
Žiadne tagy, Buďte prvý, kto otaguje tento záznam!

MARC

LEADER 00000naa a2200000 4500
001 0179449
005 20231113081319.1
041 0 |a slo 
044 |a SK 
245 1 0 |a Potenciál aj pre Slovákov  |c Dušan Karolyi 
520 |a Potenciál Poľska pre slovenských podnikateľov. Poľsko momentálne ako najatraktívnejší investičný región v strednej a východnej Európe. Podmienky presadenia sa na poľskom trhu. Rozmach a príležitosti. Možné riziká podnikania v Poľsku. 
610 2 0 |a podnikanie v zahraničí 
610 2 0 |a investície v zahraničí 
610 2 0 |a trh 
610 2 0 |a prostredie podnikateľské 
610 2 0 |a Poľsko 
100 1 |a Karolyi, Dušan